Online Catalogue and eLibrary

Ambara (Record no. 4847)

MARC details
000 -LEADER
fixed length control field 00361nam a2200157Ia 4500
005 - DATE AND TIME OF LATEST TRANSACTION
control field 20250425063009.0
008 - FIXED-LENGTH DATA ELEMENTS--GENERAL INFORMATION
fixed length control field 240331s9999 xx 000 0 und d
020 ## - INTERNATIONAL STANDARD BOOK NUMBER
ISBN 9552014522
082 ## - DDC Classification
Item Number - Author Mark DES
Class No. 891
100 ## - MAIN ENTRY--PERSONAL NAME
Personal name De Silva,A
245 #0 - TITLE STATEMENT
Title Ambara
260 ## - PUBLICATION, DISTRIBUTION, ETC.
Place of publication, distribution, etc. Colombo
Name of publisher, distributor, etc. Godake & Sons
Date of publication, distribution, etc. 1995
300 ## - PHYSICAL DESCRIPTION
Extent (e.g. Volumes, Pages etc.) 172 p .,
500 ## - GENERAL NOTE
General note A Translation Story
942 ## - Koha item type (Biblio)
Koha item type Books in Stacks (Lending)
Holdings
Lost status Damaged status Collection code Home library Current library Shelving location Date acquired Full call number Accession Number Item type
    Lending WERC Library WERC Library Social Science Cupboard 03/31/2024 891.48 DES 2820 Books in Stacks (Lending)

© WERC Library